000 00308 a2200097 4500
001 12968
100 _aStrasser,S
245 _aAbu Ghraib Investigation: the official Report of the Independent Panel and Pentagon on the shocking Prisoner Abuse in Iraq.
260 _a
_bPublic Affairs
_c
090 _c9966
_d9966
942 _aNUST-CAE
_cM
_c36895
999 _c248041
_d248041